| 000 | 01547cam a2200241 4500 | ||
|---|---|---|---|
| 001 | WB3942-17 | ||
| 008 | 031106n2003 000 0 eng u | ||
| 035 | _a(Sirsi) u124255 | ||
| 245 | _aHousing Gap Funding Scheme delays | ||
| 260 | _c2003 | ||
| 490 |
_aRICS News Service _v5 November 2003 (1) |
||
| 520 | _aRICS has communicated its views to English Partnerships (EP) on their proposed Housing Gap Funding Scheme, a new investment tool enabling the public sector to support regeneration and housing supply. RICS is concerned on how long it is taking EP to introduce the scheme and the effect of this on regeneration projects. Concerns are voiced on problems that projects judged on design criteria and receive state aid could encounter under the new scheme and also the lack of a housing policy framework. Further information on EP's Housing Gap Funding Scheme is available at http://www.englishpartnerships.co.uk/pages/page_01.asp?PageID=425. RICS' letter is available at http://www.rics.org/ricscms/bin/show?class=Policy&template=/includes/showpolicy.html&id=801&faculty=RICS. http://www.rics.org/ricscms/bin/show?class=Nhttp://www.englishpartnerships.co.uk/pages/page_01.asp?PageID=425ews&template=/includes/shownews.html&id=7505&faculty=RICS | ||
| 590 | _aWB | ||
| 650 | _aENGLISH PARTNERSHIPS | ||
| 650 | _aHOUSING SUPPLY | ||
| 650 | _aGAP FUNDING | ||
| 650 | _aHOUSING GAP FUNDING | ||
| 650 | _aSTATE AID | ||
| 650 | _aREGIONAL DEVELOPMENT AGENCIES | ||
| 650 | _aLOCAL AUTHORITIES | ||
| 690 | _aREGENERATION | ||
| 942 | _n0 | ||
| 999 |
_c73756 _d73756 |
||